Основания научного знания как проблема философии и методологии науки

Dades bibliogràfiques
Autor principal: Метлов В. И. Владимир Иванович
Idioma:rus
Publicat: Москва, Высшая школа, 1987
Matèries:
Format: MixedMaterials Llibre
KOHA link:https://koha.lib.tpu.ru/cgi-bin/koha/opac-detail.pl?biblionumber=101603

MARC

LEADER 00000nam1a2200000 4500
001 101603
005 20231031112709.0
035 |a (RuTPU)RU\TPU\book\109544 
090 |a 101603 
100 |a 20070426d1987 k y0rusy50 ca 
101 0 |a rus 
102 |a RU 
200 1 |a Основания научного знания как проблема философии и методологии науки   |f В. И. Метлов 
210 |a Москва  |c Высшая школа  |d 1987 
215 |a 143 с. 
610 1 |a философия 
610 1 |a познание 
610 1 |a наука 
610 1 |a методология 
686 |a А518.1  |2 rubbk 
700 1 |a Метлов  |b В. И.  |g Владимир Иванович  |4 070 
801 1 |a RU  |b 63413507  |c 20060913  |g PSBO 
801 2 |a RU  |b 63413507  |c 20201211  |g PSBO 
942 |c BK